000 00532nam a2200157 a 4500
001 000026085
005 20240302073950.0
008 110301s1986 dr 000 0 spa d
040 _aDO-SdBNP
_bspa
_cBNPHU
100 1 _aCassá, Roberto,
_d1948-
_910888
245 1 4 _aLos doce años :
_bcontrarrevolución y desarrollismo /
_cRoberto Cassá.
260 _aSanto Domingo :
_bEditorial Alfa y Omega,
_c1986.
300 _a510 p. ;
_c21cm.
500 _aIncluye referencias bibliográficas y notas al pie de las páginas
049 _aBNPD
999 _c25577
_d25577